Logo BPK

Biblioteka

Politechniki Koszalińskiej

Letterfun : (Rekord nr 48507)

Szczegóły MARC
000 -ETYKIETA REKORDU
podpole kontrolne o stałej długości 00573nam a2200193 i 4500
001 - NUMER KONTROLNY REKORDU
pole kontrolne bgj
020 ## - MIĘDZYNARODOWY ZNORMALIZOWANY NUMER KSIĄŻKI - ISBN
ISBN 184216967X
040 ## - ŹRÓDŁO KATALOGOWANIA
Instytucja, która utworzyła rekord BPK
041 0# - KOD JĘZYKA
Kod języka tekstu eng
920 ## - Międzynarodowy znormalizowany numer książki – ISBN
ISBN 1-84216-967-X
008 - POLE O STAŁEJ DŁUGOŚCI - DANE KONTROLNE
podpole kontrolne o stałej długości s uk f |000 0 eng
100 1# - NAZWA OSOBOWA
Nazwa osobowa GRAY, Elizabeth
245 10 - TYTUŁ/ODPOWIEDZIALNOŚĆ
Tytuł Letterfun :
Ciąg dalszy tytułu teacher's edition /
Pozostałe elementy strefy tytułu i oznaczenia odpowiedzialności Elizabeth Gray, Virginia Evans.
260 ## - STREFA ADRESU WYDAWNICZEGO
Miejsce wydania Newbury, Berkshire :
Nazwa wydawcy/dystrybutora Express Publishing,
Data publikacji, dystrybucji/powstania dokumentu c. 2001.
300 ## - STREFA OPISU FIZYCZNEGO
Objętość VII, 64, [3] pp :
Inne cechy fizyczne ill. ;
Rozmiary 30 cm.
650 #9 - HASŁO PRZEDMIOTOWE W FORMIE NAZWY OGÓLNEJ LUB JEDNOSTKOWEJ
Nazwa ogólna lub geograficzna English language
Określnik ogólny Textbooks for children
700 1# - HASŁO DODATKOWE - NAZWA OSOBOWA
Nazwa osobowa EVANS, Virginia.
Określenie związku między hasłem a opisywanym materiałem co-author
942 ## - DODATKOWE ELEMENTY (KOHA)
Typ dokumentu Książka
Egzemplarze
Wycofany Status egzemplarza Uszkodzony Dostępność Lokalizacja stała Lokalizacja bieżąca Miejsce przechowywania Sygnatura Kod kreskowy Typ dokumentu
      Dostępny Biblioteka Politechniki Koszalińskiej Biblioteka Politechniki Koszalińskiej Wypożyczalnia Językowa KA 5768 09054844 Książka
© 2023 Biblioteka Politechniki Koszalińskiej :: KOHA